5th Report of the karnataka administrative reforms commision-two (Record no. 522514)

000 -LEADER
fixed length control field 00273nam a2200097 4500
082 ## - DEWEY DECIMAL CLASSIFICATION NUMBER
Classification number I5135x5444 AR/5/2
100 ## - MAIN ENTRY--PERSONAL NAME
Personal name Government of Karnataka
9 (RLIN) 37700
245 ## - TITLE STATEMENT
Title 5th Report of the karnataka administrative reforms commision-two
260 ## - PUBLICATION, DISTRIBUTION, ETC. (IMPRINT)
Place of publication, distribution, etc Bengaluru
Date of publication, distribution, etc 2022
300 ## - PHYSICAL DESCRIPTION
Extent 201p.
Holdings
Withdrawn status Lost status Source of classification or shelving scheme Damaged status Koha normalized classification for sorting Not for loan Permanent location Current location Date acquired Full call number Barcode Date last seen Price effective from Koha item type
        I_5135X5444_AR_5_200000000000000   Indian Institute of Public Administration Indian Institute of Public Administration 2023-04-17 I5135x5444 AR/5/2 GG35020 2023-04-17 2023-04-17 GG

Powered by Koha